000 01101nam a22003017a 4500
001 6238
003 FISKH
005 20250404081553.0
008 250404b cb ||||| |||| 00| 0 eng d
020 _a0141317647
040 _aFISKH
_beng
_cFISKH
_dFISKH
050 _aPZ7.
082 _a823.914
100 _aCross, Gillian
_d(1945-)
245 _aRent a genius /
_cGillian Cross ; Illustrated by Glenys Ambrus
250 _aThis edition first published in 2003
260 _aLondon :
_bPuffin Books,
_c1991
300 _a87 pages :
_billustrations ;
_c20 cm
505 _aP
520 _aSophy's family has had enough of her helpful hints and her mother tells her to find someone who really needs help. So Sophy sets up as a rent-a-genius. Customers flock in, desperate for advice about mud and grandmothers, friends and tomatoes - but soon there are too many problems.
521 8 _a650
_bLexile
521 8 _aP
_bRaz-Plus
650 _2Children's
_aBook
650 _2Junior Fiction
_aFiction
700 _aAmbrus, Glenys
_dillustrator
942 _2ddc
_cBK
_n0
999 _c6238
_d6238